| 000 | 00586nam a2200217Ia 4500 | ||
|---|---|---|---|
| 005 | 20250425162725.0 | ||
| 008 | 250425s9999 xx 000 0 und d | ||
| 020 | _a9781234567897 | ||
| 041 | _aspa | ||
| 043 | _aec | ||
| 082 |
_a304.81 _pBAR |
||
| 100 | _aBarrionuevo Silva, Ney | ||
| 245 | 0 |
_aHuellas : pasos de Quijotes: Huellas del Caminante _cNey Barrionuevo Silva |
|
| 250 | _aPrimera edición | ||
| 260 |
_aGuayaquil _bOffset Graba _c2016 |
||
| 300 |
_a228 páginas _c21 cm. |
||
| 650 | _aCiudadanos del Mundo | ||
| 650 | _aMigrantes | ||
| 942 | _c01 | ||
| 010 | _a103219 | ||
| 999 |
_c235126 _d235126 |
||